[Event "ENCI Limburg-open A"]
[Site "Maastricht"]
[Date "2008.05.10"]
[Round "3"]
[White "Van Kooten, Luuk"]
[Black "Rademakers, Evert"]
[Result "1/2-1/2"]
[WhiteElo "2250"]
[BlackElo "2092"]
[PlyCount "59"]
[EventDate "2008.05.09"]
[EventType "swiss"]
[EventRounds "7"]
[EventCountry "NED"]
[Source "P.Boonen"]
[SourceDate "2010.01.01"]

1. d4 Nf6 2. c4 g6 3. Nc3 Bg7 4. e4 d6 5. Bd3 O-O 6. Nge2 e5 7. d5 a5 8. O-O
Na6 9. Bc2 Nc5 10. h3 Nfd7 11. Be3 f5 12. exf5 gxf5 13. f4 exf4 14. Bxf4 Ne5
15. b3 a4 16. Qd2 axb3 17. axb3 Rxa1 18. Rxa1 Ne4 19. Nxe4 fxe4 20. Ra8 Nd3 21.
Bg5 Qd7 22. Bxd3 exd3 23. Qxd3 Qf5 24. Qxf5 Bxf5 25. Rxf8+ Kxf8 26. Nf4 Bc2 27.
Ne6+ Kf7 28. Nxg7 Kxg7 29. b4 Bb3 30. Bd8 1/2-1/2

[Event "ENCI Limburg-open A"]
[Site "Maastricht"]
[Date "2008.05.10"]
[Round "3"]
[White "Van Onzen, Jeroen"]
[Black "Lehaen, Frank"]
[Result "0-1"]
[WhiteElo "2142"]
[BlackElo "1931"]
[PlyCount "80"]
[EventDate "2008.05.09"]
[EventType "swiss"]
[EventRounds "7"]
[EventCountry "NED"]
[Source "P.Boonen"]
[SourceDate "2010.01.01"]

1. e4 c5 2. d4 cxd4 3. c3 dxc3 4. Nxc3 e6 5. Nf3 a6 6. Bc4 b5 7. Bb3 Bb7 8. Qe2
Ne7 9. h4 Nbc6 10. Be3 Na5 11. Bc2 Nc4 12. O-O Rc8 13. Rac1 Nxb2 14. Nxb5 axb5
15. Qxb5 Nc4 16. Qxb7 Nxe3 17. fxe3 Rc7 18. Qb2 Nc6 19. Ng5 f6 20. Nxe6 dxe6
21. Ba4 Qa8 22. Bxc6+ Rxc6 23. Qb5 Kd7 24. e5 Be7 25. exf6 gxf6 26. Qb3 Rxc1
27. Rxc1 Bd6 28. Rd1 Rg8 29. Rd2 Qc6 30. Qd3 f5 31. Qd4 Rg4 32. Qb2 Ke7 33. a3
Qc7 34. Rc2 Qb8 35. Qc3 Bh2+ 36. Kh1 Be5 37. Qe1 Bg3 38. Qc3 Rxh4+ 39. Kg1 Be5
40. Qc5+ Qd6 0-1

[Event "ENCI Limburg-open A"]
[Site "Maastricht"]
[Date "2008.05.10"]
[Round "3"]
[White "Van Oosterom, Chiel"]
[Black "Laarhoven, Thijs"]
[Result "1-0"]
[WhiteElo "2399"]
[BlackElo "2193"]
[PlyCount "53"]
[EventDate "2008.05.09"]
[EventType "swiss"]
[EventRounds "7"]
[EventCountry "NED"]
[Source "P.Boonen"]
[SourceDate "2010.01.01"]

1. e4 d5 2. exd5 Qxd5 3. Nc3 Qa5 4. d4 Nf6 5. Bd2 c6 6. Bc4 Bg4 7. f3 Bf5 8. g4
Bg6 9. f4 e6 10. f5 exf5 11. g5 Ng8 12. Qe2+ Be7 13. h4 f4 14. h5 Bxc2 15. Nf3
Qf5 16. Ne5 Qxg5 17. Nxf7 Qg3+ 18. Kf1 f3 19. Qh2 Bd3+ 20. Bxd3 Qxh2 21. Rxh2
Kxf7 22. Re1 Nf6 23. Bc4+ Kf8 24. h6 g6 25. Rf2 Nbd7 26. Rxf3 Ke8 27. Rfe3 1-0

[Event "ENCI Limburg-open A"]
[Site "Maastricht"]
[Date "2008.05.10"]
[Round "3"]
[White "Van den Berg, Bram"]
[Black "Grandadam, Nicolas"]
[Result "1-0"]
[WhiteElo "2200"]
[BlackElo "2059"]
[PlyCount "33"]
[EventDate "2008.05.09"]
[EventType "swiss"]
[EventRounds "7"]
[EventCountry "NED"]
[Source "P.Boonen"]
[SourceDate "2010.01.01"]

1. e4 c5 2. c3 d5 3. exd5 Qxd5 4. d4 Nf6 5. Nf3 e6 6. Na3 Qd8 7. Nc2 Nbd7 8.
Bd3 Qc7 9. O-O Be7 10. Qe2 O-O 11. Ne5 b6 12. Bf4 Bd6 13. Na3 a6 14. Nac4 Bb7
15. Nxd6 Qxd6 16. Ng6 e5 17. dxe5 1-0

[Event "ENCI Limburg-open A"]
[Site "Maastricht"]
[Date "2008.05.10"]
[Round "3"]
[White "Van der Zwet, Bart"]
[Black "Dek, Lennart"]
[Result "1-0"]
[WhiteElo "2057"]
[BlackElo "2191"]
[PlyCount "115"]
[EventDate "2008.05.09"]
[EventType "swiss"]
[EventRounds "7"]
[EventCountry "NED"]
[Source "P.Boonen"]
[SourceDate "2010.01.01"]

1. Nf3 d6 2. e4 e5 3. d4 Nd7 4. Bc4 Be7 5. dxe5 Nxe5 6. Nxe5 dxe5 7. Qh5 g6 8.
Qxe5 Nf6 9. Bh6 Qd6 10. Qxd6 cxd6 11. Nc3 Bd7 12. f3 a6 13. Nd5 Rc8 14. Bg7
Nxd5 15. Bxd5 Rg8 16. Bc3 Bc6 17. Rd1 g5 18. g4 Rg6 19. Rd4 Bxd5 20. Rxd5 Bf6
21. Rd3 Bxc3+ 22. Rxc3 Rxc3 23. bxc3 Re6 24. Kd2 Kd7 25. h4 h6 26. hxg5 hxg5
27. Rh7 Ke7 28. c4 Re5 29. Kc3 Rc5 30. Kb4 b5 31. cxb5 Rxb5+ 32. Ka3 Rc5 33.
Kb2 Rb5+ 34. Ka1 Rc5 35. Rh2 Ke6 36. Kb2 Ke5 37. Rd2 a5 38. c4 Kf4 39. Rd5 Kxf3
40. e5 Rxc4 41. exd6 Rc8 42. Rxg5 Rd8 43. Rxa5 Rxd6 44. Rf5+ Kxg4 45. Rxf7 Rd2+
46. Kb3 Rd3+ 47. Kb4 Rd2 48. a4 Rb2+ 49. Kc5 Ra2 50. Kb5 Ra1 51. a5 Rb1+ 52.
Kc6 Rc1+ 53. Kb6 Rb1+ 54. Ka7 Ra1 55. a6 Rb1 56. Ka8 Ra1 57. a7 Re1 58. Kb8 1-0

[Event "ENCI Limburg-open A"]
[Site "Maastricht"]
[Date "2008.05.10"]
[Round "3"]
[White "Vogel, Jaap"]
[Black "Nijs, Nils"]
[Result "1/2-1/2"]
[WhiteElo "2254"]
[BlackElo "2101"]
[PlyCount "27"]
[EventDate "2008.05.09"]
[EventType "swiss"]
[EventRounds "7"]
[EventCountry "NED"]
[Source "P.Boonen"]
[SourceDate "2010.01.01"]

1. Nf3 Nf6 2. d4 d5 3. c4 c6 4. e3 Bf5 5. Nc3 e6 6. Be2 Nbd7 7. Bd2 Be7 8. Rc1
h6 9. h3 O-O 10. O-O Bh7 11. c5 Qc7 12. b4 Rae8 13. Re1 Ne4 14. Nxe4 1/2-1/2

[Event "ENCI Limburg-open A"]
[Site "Maastricht"]
[Date "2008.05.10"]
[Round "3"]
[White "Voss, Her"]
[Black "Taverniers, Peter"]
[Result "1-0"]
[WhiteElo "2046"]
[BlackElo "1810"]
[PlyCount "41"]
[EventDate "2008.05.09"]
[EventType "swiss"]
[EventRounds "7"]
[EventCountry "NED"]
[Source "P.Boonen"]
[SourceDate "2010.01.01"]

1. e4 b6 2. d4 Bb7 3. Bd3 Nf6 4. Nd2 e6 5. Ngf3 d5 6. e5 Nfd7 7. O-O c5 8. c3
cxd4 9. cxd4 Ba6 10. Qe2 Bxd3 11. Qxd3 Nc6 12. a3 Be7 13. Re1 h6 14. Nf1 a6 15.
Ng3 b5 16. Nh5 O-O 17. h3 f5 18. exf6 Nxf6 19. Nf4 Qb6 20. Nxe6 Rf7 21. Bxh6
1-0

[Event "ENCI Limburg-open A"]
[Site "Maastricht"]
[Date "2008.05.10"]
[Round "3"]
[White "Wallace, Mitchel"]
[Black "Hamblok, Roel"]
[Result "0-1"]
[WhiteElo "1773"]
[BlackElo "2088"]
[PlyCount "52"]
[EventDate "2008.05.09"]
[EventType "swiss"]
[EventRounds "7"]
[EventCountry "NED"]
[Source "P.Boonen"]
[SourceDate "2010.01.01"]

1. e4 c6 2. d4 d5 3. exd5 cxd5 4. Nf3 Nc6 5. Bf4 Bg4 6. Be2 e6 7. O-O Bxf3 8.
Bxf3 Qb6 9. c3 Qxb2 10. Qb3 Qxb3 11. axb3 Nf6 12. Be2 Kd7 13. Nd2 Bd6 14. Bxd6
Kxd6 15. Nf3 Rhd8 16. Bb5 Rdc8 17. c4 Ke7 18. Rfc1 a6 19. cxd5 axb5 20. dxc6
Rxc6 21. g3 Rxc1+ 22. Rxc1 Nd5 23. Rc5 b4 24. Rb5 b6 25. Ne5 Kd6 26. g4 f6 0-1

[Event "ENCI Limburg-open A"]
[Site "Maastricht"]
[Date "2008.05.10"]
[Round "3"]
[White "Wang, Puchen"]
[Black "Nijboer, Friso"]
[Result "0-1"]
[WhiteElo "2397"]
[BlackElo "2558"]
[PlyCount "78"]
[EventDate "2008.05.09"]
[EventType "swiss"]
[EventRounds "7"]
[EventCountry "NED"]
[Source "P.Boonen"]
[SourceDate "2010.01.01"]

1. e4 c5 2. Nf3 Nc6 3. d4 cxd4 4. Nxd4 Nf6 5. Nc3 d6 6. Bc4 Qb6 7. Nxc6 bxc6 8.
O-O g6 9. Qe1 Ng4 10. Na4 Qd4 11. Qc3 Qxc3 12. Nxc3 Bg7 13. h3 Ne5 14. Be2 Rb8
15. Rb1 c5 16. Bd2 Nc6 17. Bb5 Bd7 18. Nd5 Nb4 19. Bxd7+ Kxd7 20. c3 Nxd5 21.
exd5 Rb6 22. b4 cxb4 23. Rxb4 Rc8 24. Rc1 e6 25. dxe6+ fxe6 26. Kf1 d5 27. Ke2
e5 28. f3 Bf8 29. Rxb6 axb6 30. Kd3 Ra8 31. Rc2 b5 32. Bg5 Bg7 33. Be3 Kc6 34.
Bc1 Ra4 35. Re2 Bf6 36. Bh6 b4 37. Rc2 e4+ 38. fxe4 dxe4+ 39. Kxe4 b3+ 0-1

[Event "ENCI Limburg-open A"]
[Site "Maastricht"]
[Date "2008.05.10"]
[Round "3"]
[White "Wemmers, Xander"]
[Black "Dgebuadze, Alexandre"]
[Result "1/2-1/2"]
[WhiteElo "2387"]
[BlackElo "2528"]
[PlyCount "48"]
[EventDate "2008.05.09"]
[EventType "swiss"]
[EventRounds "7"]
[EventCountry "NED"]
[Source "P.Boonen"]
[SourceDate "2010.01.01"]

1. e4 e6 2. d4 d5 3. Nc3 Bb4 4. e5 Ne7 5. a3 Bxc3+ 6. bxc3 c5 7. Nf3 Qa5 8. Bd2
Nbc6 9. Bd3 Qc7 10. O-O c4 11. Be2 Bd7 12. Re1 f6 13. Bf1 Ng6 14. h4 h5 15. g3
O-O-O 16. Bh3 Rde8 17. a4 Kb8 18. Bc1 Ka8 19. Qe2 Qa5 20. Qd2 Nd8 21. Ba3 Nf7
22. Bb4 Qa6 23. a5 Ne7 24. Qf4 Ng6 1/2-1/2

[Event "ENCI Limburg-open A"]
[Site "Maastricht"]
[Date "2008.05.10"]
[Round "3"]
[White "Wlogalski, Olivier"]
[Black "Rose, Dominik"]
[Result "0-1"]
[WhiteElo "1948"]
[BlackElo "2163"]
[PlyCount "141"]
[EventDate "2008.05.09"]
[EventType "swiss"]
[EventRounds "7"]
[EventCountry "NED"]
[Source "P.Boonen"]
[SourceDate "2010.01.01"]

1. b3 f5 2. Bb2 Nf6 3. e3 g6 4. d4 Bg7 5. c4 O-O 6. Nc3 d6 7. Be2 Qe8 8. Nh3 c6
9. f3 e5 10. d5 c5 11. Qd2 Na6 12. Nf2 Bd7 13. e4 f4 14. O-O g5 15. Rfb1 Kh8
16. Ncd1 Rg8 17. a3 Bh6 18. Ng4 Bxg4 19. fxg4 Nxe4 20. Qc2 Nf6 21. Qf5 Rf8 22.
Bd3 Qe7 23. Qe6 Qxe6 24. dxe6 Rae8 25. Nf2 Rxe6 26. Rd1 Nb8 27. Bf5 Rfe8 28.
Bxe6 Rxe6 29. b4 Nc6 30. bxc5 dxc5 31. Bc3 Nd4 32. Kf1 Bf8 33. Ra2 h6 34. Rb2
b6 35. a4 Bd6 36. a5 Bc7 37. h3 Kg7 38. a6 Kf7 39. Nd3 Ne4 40. Be1 Nd6 41. Rc1
e4 42. Nf2 e3 43. Nd3 Re4 44. Ra2 Bd8 45. Ra4 Bf6 46. Bc3 e2+ 47. Ke1 Re3 48.
Bxd4 Bxd4 49. Kd2 Ne4+ 50. Kc2 Rg3 51. Ra3 Rxg2 52. Ne1 Rf2 53. Rb3 Rf1 54. Rf3
Bf2 55. Nd3 Rxc1+ 56. Kxc1 e1=Q+ 57. Nxe1 Bxe1 58. Rd3 Ke7 59. Kc2 Bc3 60. Rf3
Bd4 61. Kd1 Nd6 62. h4 Nxc4 63. hxg5 hxg5 64. Rh3 Nd6 65. Rh5 Nf7 66. Rh3 b5
67. Kc2 c4 68. Kd2 Kd6 69. Rh7 Ne5 70. Rb7 Nxg4 71. Rxb5 0-1

[Event "ENCI Limburg-open A"]
[Site "Maastricht"]
[Date "2008.05.10"]
[Round "3"]
[White "Ypma, Peter"]
[Black "Memeti, Kastriot"]
[Result "0-1"]
[WhiteElo "1992"]
[BlackElo "2173"]
[PlyCount "38"]
[EventDate "2008.05.09"]
[EventType "swiss"]
[EventRounds "7"]
[EventCountry "NED"]
[Source "P.Boonen"]
[SourceDate "2010.01.01"]

1. e4 d5 2. exd5 Qxd5 3. Nc3 Qa5 4. d4 Nf6 5. Nf3 c6 6. Bc4 Bf5 7. O-O e6 8.
Re1 Nbd7 9. Bf4 Bb4 10. Bd2 O-O-O 11. a3 Bxc3 12. Bxc3 Qc7 13. b4 h5 14. Ng5
Ng4 15. Nxf7 Qxh2+ 16. Kf1 Qh1+ 17. Ke2 Qxg2 18. Kd2 Nxf2 19. Re2 Ne4+ 0-1

[Event "ENCI Limburg-open A"]
[Site "Maastricht"]
[Date "2008.05.11"]
[Round "4"]
[White "Aben, Paul"]
[Black "Hoynck van Papendrecht, Frans"]
[Result "0-1"]
[WhiteElo "1939"]
[BlackElo "2104"]
[PlyCount "60"]
[EventDate "2008.05.09"]
[EventType "swiss"]
[EventRounds "7"]
[EventCountry "NED"]
[Source "P.Boonen"]
[SourceDate "2010.01.01"]

1. e4 c5 2. Nf3 Nc6 3. Bb5 a6 4. Bxc6 dxc6 5. d3 c4 6. dxc4 Qxd1+ 7. Kxd1 Bg4
8. Be3 Nf6 9. Nbd2 O-O-O 10. Ke2 e6 11. Bb6 Re8 12. h3 Bh5 13. Rhe1 Nd7 14. Bd4
e5 15. Be3 f5 16. g3 Nf6 17. Kf1 Nxe4 18. Kg2 Nxd2 19. Bxd2 Bd6 20. Bc3 e4 21.
Nh4 Rhf8 22. Bxg7 Rf7 23. Bc3 Be7 24. Kh2 Bxh4 25. gxh4 f4 26. Bd4 Rd7 27. c3
c5 28. Bxc5 Rd2 29. b4 e3 30. Kg1 Rg8+ 0-1

[Event "ENCI Limburg-open A"]
[Site "Maastricht"]
[Date "2008.05.11"]
[Round "4"]
[White "Admiraal, Miguoel"]
[Black "Van Onzen, Jeroen"]
[Result "0-1"]
[WhiteElo "1908"]
[BlackElo "2142"]
[PlyCount "90"]
[EventDate "2008.05.09"]
[EventType "swiss"]
[EventRounds "7"]
[EventCountry "NED"]
[Source "P.Boonen"]
[SourceDate "2010.01.01"]

1. e4 e5 2. Nf3 Nc6 3. Bb5 a6 4. Bxc6 dxc6 5. O-O Bd6 6. d4 exd4 7. Qxd4 f6 8.
c4 c5 9. Qd5 Ne7 10. Qh5+ Ng6 11. e5 fxe5 12. Re1 Qf6 13. Be3 Qf5 14. Qxf5 Bxf5
15. Nc3 O-O 16. Rad1 Bg4 17. Ne4 Bxf3 18. gxf3 Nh4 19. Re2 Nxf3+ 20. Kg2 Nd4
21. Red2 Be7 22. f4 Nf5 23. Bf2 exf4 24. Kf3 Ne3 25. Bxe3 fxe3+ 26. Kxe3 Rae8
27. Rg2 h6 28. Re1 Bf6 29. Kd3 Bd4 30. Rge2 Rf3+ 31. Kc2 Ref8 32. a4 Rf1 33.
Kd2 Rxe1 34. Kxe1 Rf3 35. Nd2 Re3 36. Rxe3 Bxe3 37. Nf1 Bf4 38. Ke2 Kf7 39. Kd3
Ke6 40. Ke4 g5 41. b3 b6 42. h3 c6 43. Ne3 Bxe3 44. Kxe3 Ke5 45. Kf3 h5 0-1

[Event "ENCI Limburg-open A"]
[Site "Maastricht"]
[Date "2008.05.11"]
[Round "4"]
[White "Andriulevicius, Orestas"]
[Black "Suhbat, Orgibold"]
[Result "1-0"]
[WhiteElo "1903"]
[BlackElo "2001"]
[PlyCount "55"]
[EventDate "2008.05.09"]
[EventType "swiss"]
[EventRounds "7"]
[EventCountry "NED"]
[Source "P.Boonen"]
[SourceDate "2010.01.01"]

1. e4 c5 2. Nf3 Nc6 3. d4 cxd4 4. Nxd4 Nf6 5. Nc3 d6 6. Be3 a6 7. Be2 Nxd4 8.
Bxd4 e5 9. Be3 Be6 10. O-O Be7 11. Kh1 O-O 12. f4 exf4 13. Bxf4 Qb6 14. Rb1
Rad8 15. Qe1 d5 16. Qg3 dxe4 17. Bc7 Qc6 18. Bxd8 Rxd8 19. Rbd1 Re8 20. a3 b5
21. Rd2 Bd8 22. Rxd8 Rxd8 23. Rxf6 e3 24. Rf3 Bc4 25. Rxe3 Bxe2 26. Rxe2 Qf6
27. Qf2 Qg5 28. Qe3 1-0

[Event "ENCI Limburg-open A"]
[Site "Maastricht"]
[Date "2008.05.11"]
[Round "4"]
[White "Beeke, Bobby"]
[Black "Swijsen, Lars"]
[Result "1-0"]
[WhiteElo "2188"]
[BlackElo "1875"]
[PlyCount "45"]
[EventDate "2008.05.09"]
[EventType "swiss"]
[EventRounds "7"]
[EventCountry "NED"]
[Source "P.Boonen"]
[SourceDate "2010.01.01"]

1. d4 Nf6 2. c4 c5 3. Nf3 cxd4 4. Nxd4 g6 5. Nc3 Bg7 6. e4 d6 7. Be2 Nc6 8. Nc2
Bd7 9. O-O O-O 10. Re1 Rc8 11. Bf1 Na5 12. b3 Nxe4 13. Nxe4 Bxa1 14. Nxa1 Nc6
15. Nc2 Kg7 16. Qd2 Rh8 17. Ne3 Qf8 18. Nd5 f5 19. Nxe7 Nxe7 20. Bb2+ Kg8 21.
Nxd6 Rc7 22. Qd4 Rxc4 23. Qxh8# 1-0

[Event "ENCI Limburg-open A"]
[Site "Maastricht"]
[Date "2008.05.11"]
[Round "4"]
[White "Bijlsma, Nick"]
[Black "Voss, Her"]
[Result "0-1"]
[WhiteElo "1869"]
[BlackElo "2046"]
[PlyCount "110"]
[EventDate "2008.05.09"]
[EventType "swiss"]
[EventRounds "7"]
[EventCountry "NED"]
[Source "P.Boonen"]
[SourceDate "2010.01.01"]

1. e4 c5 2. Nf3 d6 3. d4 cxd4 4. Nxd4 Nf6 5. Nc3 a6 6. g3 e5 7. Nde2 Be7 8. a4
O-O 9. Bg2 Nbd7 10. O-O Nc5 11. h3 b6 12. g4 Bb7 13. Ng3 Rc8 14. Be3 Kh8 15. g5
Ng8 16. Qh5 g6 17. Qg4 Ne6 18. h4 Rc4 19. f4 exf4 20. Bxf4 Nxf4 21. Rxf4 Bc8
22. Qe2 Be6 23. Qd2 Qc7 24. Raf1 Qc5+ 25. Qf2 Qxf2+ 26. R1xf2 h6 27. gxh6 Nxh6
28. Nd5 Bd8 29. b3 Rd4 30. c3 Rd3 31. R4f3 Rxf3 32. Rxf3 Bxd5 33. exd5 Bxh4 34.
Ne4 Be7 35. Bf1 a5 36. b4 f5 37. Nd2 Ng4 38. Nb3 Ra8 39. Bb5 Ne5 40. Rh3+ Kg7
41. Nd4 Kf6 42. Rh7 Rc8 43. bxa5 bxa5 44. c4 Bd8 45. Rh8 Rxc4 46. Rxd8 Rxd4 47.
Rxd6+ Kg5 48. Ra6 Rxd5 49. Rxa5 Rd2 50. Ra6 Kf4 51. Re6 Nf3+ 52. Kf1 g5 53. a5
Kg3 54. Be2 Ra2 55. Bxf3 Kxf3 0-1

[Event "ENCI Limburg-open A"]
[Site "Maastricht"]
[Date "2008.05.11"]
[Round "4"]
[White "Braun, Christian1"]
[Black "Lenhardt, Manfred"]
[Result "1-0"]
[WhiteElo "2322"]
[BlackElo "2156"]
[PlyCount "101"]
[EventDate "2008.05.09"]
[EventType "swiss"]
[EventRounds "7"]
[EventCountry "NED"]
[Source "P.Boonen"]
[SourceDate "2010.01.01"]

1. e4 g6 2. g3 d5 3. exd5 Qxd5 4. Nf3 Bg4 5. Bg2 Qe6+ 6. Kf1 Bh3 7. d3 Nc6 8.
Nc3 Bh6 9. Bxh6 Nxh6 10. Qd2 Bxg2+ 11. Kxg2 Nf5 12. Rhe1 Qd7 13. Qf4 O-O-O 14.
Qc4 Nfd4 15. Nxd4 Nxd4 16. Ne2 e6 17. Nxd4 Qxd4 18. Qxd4 Rxd4 19. Kf3 Rhd8 20.
Re4 c5 21. b3 Kc7 22. Ke3 Rxe4+ 23. Kxe4 Rd4+ 24. Ke3 e5 25. h4 h5 26. Rb1 a5
27. Rg1 Rd8 28. a4 Kd6 29. c3 Kd5 30. Rb1 Ra8 31. Rf1 Re8 32. Kd2 Re6 33. f3
Rf6 34. Ke3 Re6 35. g4 Rf6 36. gxh5 gxh5 37. f4 Rg6 38. fxe5 Rg3+ 39. Ke2 Rg2+
40. Kd1 Rb2 41. Rxf7 Rxb3 42. Kc2 Ra3 43. Rxb7 Rxa4 44. Rb5 Kc6 45. e6 Rg4 46.
Rxa5 Rxh4 47. e7 Rh2+ 48. Kb3 Re2 49. Kc4 h4 50. Rxc5+ Kd7 51. e8=Q+ 1-0

[Event "ENCI Limburg-open A"]
[Site "Maastricht"]
[Date "2008.05.11"]
[Round "4"]
[White "Burg, Brent"]
[Black "Clemens, Adrian HP"]
[Result "1/2-1/2"]
[WhiteElo "2042"]
[BlackElo "2326"]
[PlyCount "55"]
[EventDate "2008.05.09"]
[EventType "swiss"]
[EventRounds "7"]
[EventCountry "NED"]
[Source "P.Boonen"]
[SourceDate "2010.01.01"]

1. e4 e5 2. Nf3 d6 3. d4 exd4 4. Nxd4 Nf6 5. Nc3 Be7 6. Bf4 O-O 7. Qd2 Nc6 8.
O-O-O Nxd4 9. Qxd4 a6 10. f3 b5 11. g4 c5 12. Qd2 b4 13. Nd5 Nxd5 14. exd5 Bd7
15. h4 Bb5 16. Bg5 Re8 17. Kb1 Qd7 18. Bd3 Bxd3 19. Qxd3 Qb5 20. Qf5 Bf8 21. h5
Re5 22. Qf4 h6 23. Bh4 f6 24. Rhe1 Rae8 25. Rxe5 Rxe5 26. Kc1 Qe8 27. Qc4 a5
28. Qd3 1/2-1/2

[Event "ENCI Limburg-open A"]
[Site "Maastricht"]
[Date "2008.05.11"]
[Round "4"]
[White "Clijsen, Mark"]
[Black "Wlogalski, Olivier"]
[Result "1-0"]
[WhiteElo "2122"]
[BlackElo "1948"]
[PlyCount "67"]
[EventDate "2008.05.09"]
[EventType "swiss"]
[EventRounds "7"]
[EventCountry "NED"]
[Source "P.Boonen"]
[SourceDate "2010.01.01"]

1. d4 b6 2. Nf3 Bb7 3. c4 e6 4. g3 f5 5. Bg2 Nf6 6. O-O Be7 7. Nc3 Ne4 8. Qc2
Nxc3 9. Qxc3 Bf6 10. Qc2 O-O 11. Rd1 Be4 12. Qb3 Nc6 13. Be3 Qe7 14. a3 Rad8
15. d5 Na5 16. Qa4 Bxb2 17. Ra2 Bf6 18. Bd2 exd5 19. Bxa5 bxa5 20. cxd5 Qc5 21.
Ne1 Rfe8 22. Bxe4 Rxe4 23. Qb3 a4 24. Qf3 g6 25. Rc2 Qd6 26. Rdc1 Qxd5 27. Rxc7
Rb8 28. Nd3 Qa2 29. Nc5 Rb3 30. e3 Rb2 31. Nxe4 Be5 32. Rc8+ Kg7 33. Kg2 Rb6
34. Ng5 1-0

[Event "ENCI Limburg-open A"]
[Site "Maastricht"]
[Date "2008.05.11"]
[Round "4"]
[White "Dalemans, Diana"]
[Black "Breest, Axel"]
[Result "1/2-1/2"]
[WhiteElo "1799"]
[BlackElo "1860"]
[PlyCount "38"]
[EventDate "2008.05.09"]
[EventType "swiss"]
[EventRounds "7"]
[EventCountry "NED"]
[Source "P.Boonen"]
[SourceDate "2010.01.01"]

1. e4 e5 2. Nf3 Nc6 3. d4 exd4 4. Nxd4 Qh4 5. Nc3 Bb4 6. Ndb5 Qxe4+ 7. Be2 Qxg2
8. Bf3 Qh3 9. Nxc7+ Kd8 10. Nxa8 Nf6 11. Be3 Re8 12. Bxc6 Rxe3+ 13. fxe3 Bxc3+
14. bxc3 Qxe3+ 15. Kf1 bxc6 16. Qd3 Ba6 17. Qxa6 Qf3+ 18. Kg1 Ne4 19. Qa5+ Ke7
1/2-1/2

[Event "ENCI Limburg-open A"]
[Site "Maastricht"]
[Date "2008.05.11"]
[Round "4"]
[White "Dambacher, Martijn"]
[Black "Hoffmann, Udo"]
[Result "1-0"]
[WhiteElo "2470"]
[BlackElo "2220"]
[PlyCount "97"]
[EventDate "2008.05.09"]
[EventType "swiss"]
[EventRounds "7"]
[EventCountry "NED"]
[Source "P.Boonen"]
[SourceDate "2010.01.01"]

1. d4 Nf6 2. c4 c5 3. d5 e6 4. Nc3 exd5 5. cxd5 d6 6. e4 g6 7. f4 Bg7 8. Bb5+
Nbd7 9. e5 dxe5 10. fxe5 Nh5 11. e6 Qh4+ 12. g3 Nxg3 13. hxg3 Qxh1 14. Be3
Bxc3+ 15. bxc3 a6 16. exd7+ Bxd7 17. Bxd7+ Kxd7 18. Qb3 b5 19. O-O-O Rhe8 20.
Bf4 Qe4 21. Qa3 g5 22. Bxg5 Re5 23. Bf4 Rxd5 24. Qxc5 Rxd1+ 25. Kxd1 Rd8 26.
Ne2 Qb1+ 27. Nc1 Ke8+ 28. Ke1 Qe4+ 29. Ne2 Rd3 30. Qc8+ Ke7 31. Qc7+ Ke8 32.
Qb8+ Ke7 33. Qb6 f6 34. Qc5+ Kf7 35. Qh5+ Ke7 36. Kf2 Rd1 37. Qc5+ Kf7 38. Qa7+
Ke8 39. Qxa6 Rh1 40. Qxb5+ Kf7 41. g4 Rh3 42. Qd7+ Kg8 43. Bg3 Rh1 44. Qd8+ Kf7
45. Bd6 Qc2 46. Qe7+ Kg6 47. Qe8+ Kg5 48. Qg8+ Kh4 49. Qd5 1-0

[Event "ENCI Limburg-open A"]
[Site "Maastricht"]
[Date "2008.05.11"]
[Round "4"]
[White "De Freytas, Paul"]
[Black "Huppertz, Andrea"]
[Result "1/2-1/2"]
[WhiteElo "1929"]
[BlackElo "1839"]
[PlyCount "94"]
[EventDate "2008.05.09"]
[EventType "swiss"]
[EventRounds "7"]
[EventCountry "NED"]
[Source "P.Boonen"]
[SourceDate "2010.01.01"]

1. g3 d5 2. Nf3 Nf6 3. Bg2 b5 4. d4 Bb7 5. O-O e6 6. Bg5 Be7 7. c3 Nbd7 8. Nbd2
c5 9. e3 h6 10. Bxf6 Nxf6 11. Ne5 Qb6 12. f4 a5 13. f5 exf5 14. Rxf5 Qe6 15.
Rf1 Bd6 16. Ndf3 O-O 17. Qc2 Rac8 18. a3 Rc7 19. Rfe1 Re8 20. Qe2 c4 21. Kh1
Rce7 22. Qf1 Qf5 23. Bh3 Qe4 24. Bg2 Qh7 25. Qe2 Ne4 26. Kg1 h5 27. Nd2 Bxe5
28. Nxe4 Bxd4 29. exd4 dxe4 30. Qe3 Qh6 31. Qxh6 gxh6 32. Re3 Kg7 33. Rf1 Kg6
34. Rf4 f5 35. Bf1 Bd5 36. Kf2 Rb7 37. Bh3 Rf8 38. Re2 b4 39. axb4 axb4 40. Ke3
b3 41. Rf1 Ra7 42. Kf4 Ra5 43. Ke3 Kg5 44. Ref2 Be6 45. Bg2 Bd5 46. Rf4 Ra2 47.
h4+ Kg6 1/2-1/2

[Event "ENCI Limburg-open A"]
[Site "Maastricht"]
[Date "2008.05.11"]
[Round "4"]
[White "De Reymaekers, Walter"]
[Black "Blijlevens, Pim"]
[Result "1-0"]
[WhiteElo "2053"]
[BlackElo "1899"]
[PlyCount "35"]
[EventDate "2008.05.09"]
[EventType "swiss"]
[EventRounds "7"]
[EventCountry "NED"]
[Source "P.Boonen"]
[SourceDate "2010.01.01"]

1. e4 c5 2. Nc3 g6 3. f4 Bg7 4. Nf3 d6 5. Bb5+ Nc6 6. O-O Bg4 7. Bxc6+ bxc6 8.
h3 Bxf3 9. Qxf3 e6 10. f5 Qd7 11. d3 Bxc3 12. bxc3 gxf5 13. exf5 Ne7 14. fxe6
fxe6 15. Qf7+ Kd8 16. Bg5 h6 17. Qg7 Re8 18. Qxh6 1-0

[Event "ENCI Limburg-open A"]
[Site "Maastricht"]
[Date "2008.05.11"]
[Round "4"]
[White "Dek, Lennart"]
[Black "Springelkamp, Henriet"]
[Result "1-0"]
[WhiteElo "2191"]
[BlackElo "1980"]
[PlyCount "99"]
[EventDate "2008.05.09"]
[EventType "swiss"]
[EventRounds "7"]
[EventCountry "NED"]
[Source "P.Boonen"]
[SourceDate "2010.01.01"]

1. e4 c6 2. d4 d5 3. exd5 cxd5 4. Bd3 g6 5. c3 Bg7 6. Bf4 Nc6 7. Nf3 Qb6 8. Qb3
Qd8 9. Nbd2 Nf6 10. h3 O-O 11. O-O Nh5 12. Bh2 Bh6 13. Rfe1 Bf4 14. Qd1 Bxh2+
15. Nxh2 Nf6 16. Ndf3 Qc7 17. Qd2 Kg7 18. Ne5 a6 19. Qe3 e6 20. Nhf3 b5 21.
Rec1 Qb6 22. Qe2 Bb7 23. Nh2 Rac8 24. Qd2 Nxe5 25. dxe5 Ng8 26. Nf3 Qc5 27. a4
Qb6 28. Nd4 b4 29. Qe3 Qc5 30. Rab1 Qe7 31. Qe2 Ra8 32. c4 Qd7 33. c5 Rfc8 34.
c6 Bxc6 35. Bxa6 Bb7 36. Bb5 Qe7 37. b3 Rxc1+ 38. Rxc1 Rc8 39. Rxc8 Bxc8 40.
Qc2 Qb7 41. Qc5 Ne7 42. Nc2 Nf5 43. Nxb4 Qa8 44. Nc6 Bb7 45. Nd4 Nxd4 46. Qxd4
Qc8 47. b4 Qc7 48. a5 Qc8 49. Bf1 Qa8 50. Qb6 1-0